000 00606nam a2200229Ia 4500
003 OSt
005 20220927104947.0
006 a|||||r|||| 00| 0
007 ta
008 220926b |||||||| |||| 00| 0 eng d
024 _a142725
037 _cReference Collections
040 _aRTL
_cRTL
_beng
041 _2eng
_aeng
082 _a"B28, K2;1"
100 _aFreund -----
_9368846
245 0 _aMathematical Statistics
260 _a--------------
_b---------
_c1962
300 _a390p
_ccm.
942 _h"B28, K2;1"
_cCC
999 _c689753
_d689753